MARC

LEADER 00000nam0a2200000 4500
001 185912
005 20231031173155.0
035 |a (RuTPU)RU\TPU\book\201729 
090 |a 185912 
100 |a 20101019d1967 m y0rusy50 ca 
101 0 |a rus 
102 |a UA 
105 |a a j 001zy 
200 1 |a Общая электротехника  |e [учебное пособие]  |f М. П. Иванова 
205 |a 2-е изд., стер. 
210 |a Киев  |c Технiка  |d 1967 
215 |a 191 с.  |c ил. 
320 |a Библиогр.: с. 188. 
610 1 |a электротехника 
610 1 |a электрическое поле 
610 1 |a конденсаторы 
610 1 |a цепи постоянного тока 
610 1 |a электромагнетизм 
610 1 |a электроизмерительные приборы 
610 1 |a машины постоянного тока 
610 1 |a трансформаторы 
610 1 |a асинхронные двигатели 
610 1 |a методы измерения 
610 1 |a неэлектрические величины 
610 1 |a гальванические элементы 
610 1 |a постоянный ток 
610 1 |a элементарные частицы 
610 1 |a проводники 
610 1 |a электрическая проводимость 
610 1 |a учебные пособия 
675 |a 621.3(075.8)  |v 3 
700 1 |a Иванова  |b М. П.  |g Мария Петровна 
801 1 |a RU  |b 63413507  |c 20101019 
801 2 |a RU  |b 63413507  |c 20101203  |g RCR 
942 |c BK